000 01275cam a22003737a 4500
001 14988663
003 OSt
005 20140310181627.0
008 070830t20062005nyua j 000 0 eng d
010 _a 2007299041
020 _a0439877776 (hc.)
020 _a9780439877770 (hc.)
035 _a(OCoLC)ocm70913089
035 _a(OCoLC)70913089
040 _aBKX
_cBKX
_dBAKER
_dYDXCP
_dYDXCP
_dOCLCQ
_dMUS
_dBTCTA
_dDLC
042 _alccopycat
050 0 0 _aQ 163
_b.Ar752 2005
082 0 4 _aREF 500.22
_bA78 2006
100 1 _aArnold, Nick.
240 1 0 _aHorrible science book
245 1 4 _aThe stunning science of everything :
_bscience with the squishy bits left in! /
_cNick Arnold ; [illustrated by] Tony De Saulles.
260 _aNew York :
_bScholastic Nonfiction,
_c[2006], c2005.
300 _a91 p. :
_bill. (chiefly col.) ;
_c30 cm.
520 _a1. Science--Juvenile literature
521 _aBasic ed. students
541 _j1
562 _eFor circulation. 1 copy in the collection
650 0 _aScience
_vJuvenile literature.
650 1 _aScience.
700 1 _aDe Saulles, Tony,
_eill.
906 _a7
_bcbc
_ccopycat
_d2
_encip
_f20
_gy-gencatlg
942 _2lcc
_cBK-GR
_kREF
999 _c377
_d377